Größte Städte an der A7 auf einer Karte - Statistiken

Allgemein
  • Dieses Quiz wurde 379 mal gespielt
    336 seit der letzten Aktualisierung
  • Das Durchschnittsergebnis liegt bei 7 aus 10
Antworten auf der Karte
Die Antworten werden auf der Karte rot bzw. grün angezeigt, abhängig davon wie oft sie richtig erraten wurden.
 
Antwortstatistiken
Einwohner Stadt % Korrekt
1.910.160 Hamburg
99%
548.186 Hannover
92%
92.667 Flensburg
90%
204.687 Kassel
76%
128.246 Würzburg
66%
120.261 Göttingen
62%
70.713 Kempten (Allgäu)
46%
102.325 Hildesheim
45%
80.185 Neumünster
40%
82.719 Norderstedt
35%
Keine übereinstimmenden Quizze gefunden
Verteilung der Resultate
Anzahl Personen mit jedem Resultat
Perzentil nach korrekt beantworteten Fragen
Ihre Resultats-Entwicklung
Sie haben dieses Quiz seit der letzten Aktualisierung nicht gespielt